000 00453nam a22001817a 4500
003 MPLRDC
005 20220104123547.0
008 210129b ||||| |||| 00| 0 eng d
020 _a7-5384-1123-2
082 _a427.43 WFC
100 _a王富春主编
245 _a大众滋补药酒
_c
250 _a一版二刷
260 _a
_b吉林科学技术出版社
_c1993
300 _b
650 _a酒类饮料--药酒
942 _cBK
_o427.43 WFC
999 _c12396
_d12386